000 00352nam a22001577a 4500
005 20200530151833.0
008 200530b xxu||||| |||| 00| 0 eng d
041 _aeng
082 _a340
100 _aBARE ACT
_95744
245 _aMUSLIM- LAW
260 _aDELHI
_bPROFESSIONAL BOOK PUBLISHERS
300 _a38;p
650 _aLAW
_95701
942 _cBK
999 _c6673
_d6671